Humane environment
Zapisane w:
| Format: | Książka |
|---|---|
| Język: | Undetermined |
| Wydane: |
[ New York ]
1972
|
| Hasła przedmiotowe: | |
| Etykiety: |
Dodaj etykietę
Nie ma etykietki, Dołącz pierwszą etykiete!
|
| Thư viện lưu trữ: | Trung tâm Học liệu Trường Đại học Cần Thơ |
|---|
| LEADER | 00400nam a2200157Ia 4500 | ||
|---|---|---|---|
| 001 | CTU_83461 | ||
| 008 | 210402s9999 xx 000 0 und d | ||
| 082 | |a 301.31 | ||
| 082 | |b H918 | ||
| 245 | 0 | |a Humane environment | |
| 260 | |a [ New York ] | ||
| 260 | |c 1972 | ||
| 650 | |a Pollution | ||
| 650 | |z Great britain | ||
| 904 | |i QHieu(sửa) | ||
| 980 | |a Trung tâm Học liệu Trường Đại học Cần Thơ | ||